| 000 | 01742Cam#a2200313#a#4500 | ||
|---|---|---|---|
| 003 | AR-BeUNQ | ||
| 005 | 20220224182252.0 | ||
| 008 | 151021s2014||||ag o ##||||#000|p#spa#d | ||
| 020 | _a9789870606260 | ||
| 040 |
_aAR-BeUNQ _bspa _eaacr |
||
| 041 | 1 |
_apa _hpor _hspa |
|
| 082 | 0 | 4 |
_a861 _221 |
| 245 | 0 | 0 |
_a24 poetas latinoamericanos / _cBorges... [et al.] ; selección y prólogo, Francisco Serrano. |
| 246 | 3 | 3 | _aVeinticuatro poetas latinoamericanos |
| 250 | _a2a. ed. | ||
| 260 |
_aBuenos Aires : _bAique, _cc2014. |
||
| 300 |
_a254 p. : _bfot. ; _c21 cm. |
||
| 490 | 1 | _aColección Juan Gelman ; | |
| 500 | _aEdición especial para el Ministerio de Educación. | ||
| 505 | 0 | _aArgentina -- Oliverio Girondo -- Jorge Luis Borges -- Brasil -- Carlos Dummond de Andrade -- João Cabral de Melo Neto -- Colombia -- Álvaro Mutis -- Costa Rica -- Isaac Felipe Azofeifa -- Cuba -- Nicolás Guillén -- José Lezama Lima -- Chile -- Vicente Huidobro -- Pablo Neruda -- Nicanor Parra -- Guatemala -- Luis Cardoza y Aragón -- México -- Carlos Pellicer -- Octavio Paz -- Jaime Sabines -- Nicaragua -- José Joaquín Pasos -- Ernesto Cardenal -- Perú -- César Vallejo -- Javier Sologuren -- Puerto Rico -- Luis Palés Matos -- República Dominicana -- Pedro Mir -- Uruguay -- Mario Benedetti -- Venezuela -- Vicente Gervasi -- Eugenio Montejo | |
| 650 | 7 |
_aLiteratura (arte) _2spines |
|
| 650 | 7 |
_aLiteratura latinoamericana _2tell |
|
| 650 | 7 |
_aPoesía _2tell |
|
| 700 | 1 |
_aBorges, Jorge Luis, _d1899-1986. |
|
| 700 | 1 |
_aSerrano, Francisco, _eselección _4oth |
|
| 830 | 0 |
_aColección Juan Gelman. ; _v58 |
|
| 929 |
_aDONACION _bMinisterio de Educación _d920,00E _e20151006 _fPAT0059812 _g2912 Exp. 827-0387/98 _j53827 |
||
| 942 |
_cLIB _n0 |
||
| 999 |
_c55 _d55 |
||